Controlling volatile organic compound emissions from industrial wastewater /

Guardado en:
Autor Principal: Elliott, Jeffrey.
Otros Autores: Watkins, Sheryl.
Formato: Libro
Idioma:English
Publicado: Park Ridge, N.J., U.S.A. : Noyes Data Corp., c1990.
Series:Pollution technology review, no. 197
Materias:
Etiquetas: Agregar Etiqueta
Sin Etiquetas, Sea el primero en etiquetar este registro!
LEADER 01063pam a22002775a 4500
001 EIQ.libpla001353
008 900725s1990####njua#####b####000#0#eng#d
005 20060914160124.0
245 1 0 |a Controlling volatile organic compound emissions from industrial wastewater /  |c by Jeffrey Elliott, Sheryl Watkins. 
260 |a Park Ridge, N.J., U.S.A. :  |b Noyes Data Corp.,  |c c1990. 
300 |a xiii, 363 p. :  |b il. ;  |c 24 cm. 
440 0 |a Pollution technology review,  |x 0090-516X ;  |v no. 197 
504 |a Incluye referencias bibliográficas. 
020 |a 0815512619 
100 1 |a Elliott, Jeffrey. 
700 1 |a Watkins, Sheryl. 
082 0 0 |a 628.1/683  |2 20 
650 4 |a Aguas residuales  |x Retiro orgánico de los compuestos. 
650 4 |a Aguas residuales  |x Purificación. 
650 4 |a VOC  |x Compuestos orgánicos volátiles. 
650 4 |a Sewage  |x Purification. 
650 4 |a Sewage  |x Organic compounds removal. 
650 4 |a VOC  |x Organic compounds volatile. 
010 |a  90044910  
040 |a DLC  |c DLC  |d AR-BbSID 
859 |a AR-BbSID  |b BIB. PLAPIQUI  |h 628.5  |i El 58  |p 3952